[Event "TUR-chT Clubs"]
[Site "Konya"]
[Date "2019.07.17"]
[Round "3.23"]
[White "Tanisik, Cengiz"]
[Black "Temel, Mustafa"]
[Result "0-1"]
[WhiteElo "1425"]
[BlackElo "1549"]
[PlyCount "84"]
[EventDate "2019.07.16"]
[EventType "team-swiss"]
[EventRounds "9"]
[EventCountry "TUR"]
[SourceTitle "CBM 191 Extra"]
[Source "ChessBase"]
[SourceDate "2019.09.30"]
[SourceVersion "1"]
[SourceVersionDate "2019.09.30"]
[SourceQuality "1"]
[WhiteTeam "Cendosk Cendere Doga"]
[BlackTeam "Karaman Onder Durmus"]
[WhiteTeamCountry "TUR"]
[BlackTeamCountry "TUR"]

1. b4 d5 2. Bb2 Bf5 3. e3 e6 4. b5 Nf6 5. a4 Nbd7 6. Nf3 c5 7. Be2 Bd6 8. c4 0-0 9. Na3 Rc8 10. 0-0 Re8 11. d4 cxd4 12. exd4 Bxa3 13. Rxa3 dxc4 14. Rc3 Nb6 15. Ne5 Ne4 16. Rc1 c3 17. Ba1 Nd2 18. Bxc3 Nxf1 19. Bxf1 Nd5 20. Nc4 Nxc3 21. Rxc3 Re7 22. g4 Be4 23. Re3 Bd5 24. Ne5 Rec7 25. Rh3 Be4 26. Re3 Bc2 27. Qd2 Bxa4 28. Rh3 Rc2 29. Qd3 g6 30. Qf3 f6 31. Nf7 Qe7 32. Nh6+ Kg7 33. Qf4 R2c3 34. f3 e5 35. dxe5 Qc5+ 36. Kh1 Qxe5 37. Nf5+ gxf5 38. Qh6+ Kf7 39. Qxh7+ Ke6 40. Qxb7 fxg4 41. Rh7 R8c7 42. Qa6+ Qd6 0-1